| 000 | 00600nam a22001817a 4500 | ||
|---|---|---|---|
| 005 | 20251108171232.0 | ||
| 008 | 250721s1986 xx 000 0 ara d | ||
| 082 | 1 | 4 | _aم/415/جني |
| 100 | 1 | _aبن جني، أبو الفتح عثمان | |
| 245 | 1 | 0 | _aالخصائص / |
| 264 | 1 |
_aالقاهرة : _bالهيئة المصرية العامة للكتاب - مركز تحقيق التراث، _c1986. |
|
| 300 | _aج | ||
| 650 | 1 | 7 | _aاللغة العربية |
| 650 | 1 | 7 | _aالنحو والصرف |
| 700 | 1 |
_aالنجار، محمد علي _eتحقيق |
|
| 942 |
_2ddc _cREF |
||
| 999 |
_c60076 _d60076 |
||